| 000 | 00683nam a2200193 i 4500 | ||
|---|---|---|---|
| 001 | 97803 | ||
| 003 | ES-MaACL | ||
| 005 | 20230906182149.0 | ||
| 007 | t| | ||
| 008 | 050718s1952 sp ||||1| spa d | ||
| 100 | 1 |
_aMariner Bigorra, Sebastián. _976844 |
|
| 245 | 1 | 0 |
_aInscripciones hispanas en verso / _cpor Sebastián Mariner Bigorra. |
| 260 |
_aBarcelona : _bEscuela de Filología, _c1952. |
||
| 300 |
_aXV, 231 p., 2 lám. ; _c24 cm. |
||
| 594 | _aPrecede al tít.: Consejo Superior de Investigaciones Científicas. Instituto Antonio de Nebrija. | ||
| 650 | 4 |
_aInscripciones- _zEspaña. _9136296 |
|
| 710 | 2 |
_aInstituto Antonio de Nebrija. _94795 |
|
| 852 | 4 |
_aES-MaACL _jC-5712 |
|
| 999 |
_c97803 _d97803 |
||